000 00295nam a2200121 i 4500
001 bg
245 0 _aThe IEEE standard dictionary of electrical and electronics terms.
260 _aNew York,
_c1972.
040 _cBPK
041 _apol
942 _cKS
008 s pl f |000 0 pol
999 _c9338
_d9338
856 _uhttp://koha.tu.koszalin.pl/cgi-bin/koha/opac-detail.pl?biblionumber=9338
_yKatalog online BPK